000
00214 a2200097 4500
001
32861
100
_a
Guha,E
245
_a
Basic Thermodynamics
260
_a
New Delhi
_b
Norosa Pub House
_c
090
_c
22034
_d
22034
942
_a
NUST-CAE
_c
M
_c
13375
999
_c
267934
_d
267934